000 00377nam a2200145Ia 4500
005 20240807062152.0
008 240806s9999||||xx |||||||||||||| ||eng||
041 _aeng
100 _aAcharya Baladev Upaddhyay
245 0 _aSanskrit sahitya ka itihas /
_cAcharya Baladev Upaddhyay
260 _bSharada Niketan Varanashi
300 _a654
650 _aSanskrit
942 _cBK
999 _c10566
_d10566